Pulp and paper capacities: 1995 - 2000

Đã lưu trong:
Sonraí Bibleagrafaíochta
Príomhúdar: FAO
Formáid: Leabhar
Teanga:Undetermined
Foilsithe: Rome FAO 1996
Ábhair:
Clibeanna: Cuir Clib Leis
Gan Chlibeanna, Bí ar an gcéad duine leis an taifead seo a chlibeáil!
Thư viện lưu trữ: Trung tâm Học liệu Trường Đại học Cần Thơ
LEADER 00459nam a2200181Ia 4500
001 CTU_16663
008 210402s9999 xx 000 0 und d
082 |a 676 
082 |b P962/1995 
100 |a FAO 
245 0 |a Pulp and paper capacities: 1995 - 2000 
245 0 |c FAO 
260 |a Rome 
260 |b FAO 
260 |c 1996 
650 |a pulp 
904 |i Nguyễn Quang Điền, 970530 
980 |a Trung tâm Học liệu Trường Đại học Cần Thơ